Shoe Brand Logos Quiz Stats

Quiz Updated Jun 20, 2018

Also try: Name That Shoe
Challenge
Share
Tweet
Score 0/16 Timer 04:00
1 Play Today
% Correct
Nike
99.8%
Puma
95.5%
Adidas
95.4%
New Balance
90.6%
Converse
83.4%
Skechers
83.1%
Fila
82.9%
Air Jordan
79.7%
% Correct
Reebok
76.1%
Crocs
75.9%
Asics
72.9%
DC Shoes
68.6%
Sperry
34.3%
Dockers
33.3%
Mizuno
29.1%
Brooks
18.4%

You're not logged in!

Compare scores with friends on all Sporcle quizzes.
Join for Free
OR
Log In

You Might Also Like...

Show Comments

Extras

Top Quizzes Today


Score Distribution

Your Account Isn't Verified!

In order to create a playlist on Sporcle, you need to verify the email address you used during registration. Go to your Sporcle Settings to finish the process.

Report this User

Report this user for behavior that violates our Community Guidelines.

Details: